SOCIAL PHILOSOPHY (Record no. 535860)

MARC details
000 -LEADER
fixed length control field 00450pam a2200157a 44500
008 - FIXED-LENGTH DATA ELEMENTS--GENERAL INFORMATION
fixed length control field 230515b2004 xxu||||| |||| 00| 0 eng d
020 ## - INTERNATIONAL STANDARD BOOK NUMBER
International Standard Book Number NULL
041 ## - LANGUAGE CODE
Language code of text/sound track or separate title ENGL
082 ## - DEWEY DECIMAL CLASSIFICATION NUMBER
Classification number NULL
100 ## - MAIN ENTRY--PERSONAL NAME
Personal name "SHARMA RAMNATH.,"
245 ## - TITLE STATEMENT
Title SOCIAL PHILOSOPHY
250 ## - EDITION STATEMENT
Edition statement 0
260 ## - PUBLICATION, DISTRIBUTION, ETC.
Place of publication, distribution, etc. MEERUT
Name of publisher, distributor, etc. KEDAR NATH RAM NATH
Date of publication, distribution, etc. 2004
300 ## - PHYSICAL DESCRIPTION
Extent XI+432
650 ## - SUBJECT ADDED ENTRY--TOPICAL TERM
Topical term or geographic name entry element "ORIENTAL,INDIA,PHILOSOPHY,METHODS OF SOCIAL PHILOSOPHY,VALU OF SOCIAL PHILIOSOPHY,SOCIAL EVOLUTION"
Holdings
Withdrawn status Lost status Damaged status Not for loan Home library Current library Shelving location Date acquired Source of acquisition Cost, normal purchase price Total Checkouts Full call number Barcode Date last seen Price effective from Koha item type
        Social Science Centre (MSW), Pune Social Science Centre (MSW), Pune   10/10/1999 NULL 0.00   NULL MSP-SC-1737 28/06/2023 28/06/2023 Book